000
00337nam a2200145Ia 4500
005
20251222153622.0
008
251222s9999||||xx |||||||||||||| ||spa||
020
_a
192834347
082
_a
420/M32
100
_a
May Alcott, Louisa
245
0
_a
Little Women
250
_a
1ra .ed
264
_b
OXFORD University Press
942
_c
LIB
999
_c
32020
_d
32020